[Event "RUS-ch Silent"]
[Site "Zelenograd"]
[Date "2019.04.10"]
[Round "8"]
[White "Kozlov, Valery"]
[Black "Puryasev, Anatoliy"]
[Result "0-1"]
[WhiteElo "1880"]
[BlackElo "1704"]
[PlyCount "54"]
[EventDate "2019.04.03"]
[EventType "swiss"]
[EventRounds "11"]
[EventCountry "RUS"]
[SourceTitle "CBM 190 Extra"]
[Source "ChessBase"]
[SourceDate "2019.07.15"]
[SourceVersion "1"]
[SourceVersionDate "2019.07.15"]
[SourceQuality "1"]

1. d4 Nf6 2. Nf3 e6 3. Bf4 d6 4. e3 Nbd7 5. h3 b6 6. Bd3 Bb7 7. Nbd2 h6 8. 0-0 g5 9. Bh2 g4 10. hxg4 Nxg4 11. Bg3 Qe7 12. Bh4 Ndf6 13. e4 e5 14. c3 0-0-0 15. a4 Qd7 16. Qe2 c6 17. b4 Be7 18. b5 Rhg8 19. a5 Nh5 20. bxc6 Bxc6 21. d5 Bxd5 22. exd5 Nf4 23. Ba6+ Kb8 24. Qc4 Ne3 25. Qxf4 Rxg2+ 26. Kh1 Qh3+ 27. Qh2 Rxh2+ 0-1

[Event "RUS-ch Silent"]
[Site "Zelenograd"]
[Date "2019.04.09"]
[Round "7"]
[White "Puryasev, Anatoliy"]
[Black "Mansursky, Shevket"]
[Result "0-1"]
[WhiteElo "1704"]
[BlackElo "1584"]
[PlyCount "91"]
[EventDate "2019.04.03"]
[EventType "swiss"]
[EventRounds "11"]
[EventCountry "RUS"]
[SourceTitle "CBM 190 Extra"]
[Source "ChessBase"]
[SourceDate "2019.07.15"]
[SourceVersion "1"]
[SourceVersionDate "2019.07.15"]
[SourceQuality "1"]

1. e4 c5 2. Nf3 Nc6 3. d4 cxd4 4. Nxd4 Nf6 5. Nc3 b6 6. Be2 a6 7. 0-0 e6 8. Nxc6 dxc6 9. Qxd8+ Kxd8 10. Rd1+ Nd7 11. Be3 b5 12. Bf3 e5 13. a3 a5 14. Ne2 Be7 15. Rd2 Kc7 16. Rad1 h5 17. g3 g5 18. Bg2 g4 19. f4 gxf3 20. Bxf3 h4 21. Bg4 Rd8 22. Bxd7 Rxd7 23. Bb6+ Kxb6 24. Rxd7 Bxd7 25. Rxd7 Ra7 26. Rxa7 Kxa7 27. g4 a4 28. Kg2 Kb6 29. Nc1 Bg5 30. Nd3 f6 31. Kh3 c5 32. b3 axb3 33. cxb3 c4 34. bxc4 bxc4 35. Nb4 Kb5 36. Nd5 Ka4 37. Kg2 Kxa3 38. h3 Kb2 39. Kf3 Kc1 40. Nc3 Kd2 41. Nb1+ Kd3 42. Kf2 Bc1 43. Ke1 Kc2 44. g5 fxg5 45. Nc3 Kxc3 46. Kd1 0-1

[Event "RUS-ch Silent"]
[Site "Zelenograd"]
[Date "2019.04.06"]
[Round "4"]
[White "Puryasev, Anatoliy"]
[Black "Zhidik, Artem"]
[Result "1-0"]
[WhiteElo "1704"]
[BlackElo "1605"]
[PlyCount "79"]
[EventDate "2019.04.03"]
[EventType "swiss"]
[EventRounds "11"]
[EventCountry "RUS"]
[SourceTitle "CBM 190 Extra"]
[Source "ChessBase"]
[SourceDate "2019.07.15"]
[SourceVersion "1"]
[SourceVersionDate "2019.07.15"]
[SourceQuality "1"]

1. e4 c5 2. Nf3 e6 3. d4 cxd4 4. Nxd4 Nf6 5. Bd3 g6 6. 0-0 Bg7 7. h3 0-0 8. Nc3 d6 9. Nce2 a6 10. c3 Nbd7 11. Be3 Nc5 12. Ng3 Qc7 13. Rc1 d5 14. Qc2 b5 15. a3 Bb7 16. e5 Qxe5 17. Nf3 Qd6 18. Be2 Rac8 19. Bd4 Nfe4 20. Bxg7 Kxg7 21. Nxe4 Nxe4 22. Rcd1 Qb6 23. Bd3 Nd6 24. Qe2 Ne4 25. Bxe4 dxe4 26. Nh2 Qc6 27. Qe3 Rfd8 28. Ng4 f5 29. Qh6+ Kh8 30. Nf6 Qc7 31. Rxd8+ Rxd8 32. Qg5 Qe7 33. Nxh7 Qxg5 34. Nxg5 Rd2 35. Nxe6 Rxb2 36. Rd1 Bc6 37. Rd6 Rb3 38. Rxc6 Rxa3 39. Nd4 Ra4 40. Rxg6 1-0

[Event "RUS-ch Silent"]
[Site "Zelenograd"]
[Date "2018.11.03"]
[Round "11"]
[White "Rybnikov, Ilya"]
[Black "Puryasev, Anatoliy"]
[Result "1-0"]
[WhiteElo "1584"]
[BlackElo "1777"]
[PlyCount "101"]
[EventDate "2018.10.25"]
[EventType "swiss"]
[EventRounds "11"]
[EventCountry "RUS"]
[SourceTitle "EXT 2020"]
[Source "ChessBase"]
[SourceDate "2019.10.17"]
[SourceVersion "1"]
[SourceVersionDate "2019.10.17"]
[SourceQuality "1"]

1. d4 Nf6 2. c4 e6 3. Nf3 c5 4. d5 exd5 5. cxd5 d6 6. Nc3 Bf5 7. e4 Bg6 8. Bg5 Be7 9. Bb5+ Nbd7 10. e5 Ng4 11. e6 Bxg5 12. Bxd7+ Kf8 13. Nxg5 Qxg5 14. f4 Qxf4 15. Qxg4 Qxg4 16. e7+ Kxe7 17. Bxg4 f5 18. Bh3 a6 19. 0-0 Rhf8 20. Rae1+ Kd7 21. Ne4 Kc7 22. Ng5 Kb6 23. Re7 Rae8 24. Rfe1 h6 25. Rxe8 Rxe8 26. Rxe8 Bxe8 27. Ne6 g6 28. g3 Ka5 29. Kf2 b5 30. Ke3 Bd7 31. Nf4 g5 32. Ne6 g4 33. Bf1 Kb4 34. Kf4 a5 35. Kxf5 a4 36. Kxg4 c4 37. Kh5 a3 38. bxa3+ Kxa3 39. Kxh6 Kxa2 40. Nd4 Kb2 41. g4 Kc3 42. Ne2+ Kd2 43. g5 Ke1 44. g6 Be8 45. Ng3 c3 46. Bd3 b4 47. Ne4 Bb5 48. g7 Bxd3 49. g8Q c2 50. Qg3+ Kd1 51. Qg1+ 1-0

[Event "RUS-ch Silent"]
[Site "Zelenograd"]
[Date "2017.09.22"]
[Round "5"]
[White "Maslov, Andrey"]
[Black "Puryasev, Anatoliy"]
[Result "1/2-1/2"]
[WhiteElo "2046"]
[BlackElo "1799"]
[PlyCount "107"]
[EventDate "2017.09.19"]
[EventType "swiss"]
[EventRounds "11"]
[EventCountry "RUS"]
[SourceTitle "EXT 2019"]
[Source "ChessBase"]
[SourceDate "2018.10.10"]
[SourceVersion "1"]
[SourceVersionDate "2018.10.10"]
[SourceQuality "1"]

1. e4 Nf6 2. e5 Nd5 3. c4 Nb6 4. d4 d6 5. Nc3 Bf5 6. f4 dxe5 7. dxe5 Qxd1+ 8. Nxd1 Nc6 9. Nf3 0-0-0 10. Ne3 e6 11. Nxf5 exf5 12. Bd2 h6 13. 0-0-0 Bc5 14. g3 Rd7 15. Bh3 g6 16. b3 Rhd8 17. Bg2 Ba3+ 18. Kc2 Rd3 19. Bc3 Rxd1 20. Rxd1 Rxd1 21. Kxd1 Nb4 22. Bxb4 Bxb4 23. Kc2 c6 24. Kd3 Nd7 25. Nd4 Nc5+ 26. Ke3 Ne6 27. Nc2 Bc5+ 28. Ke2 Kc7 29. b4 Nd4+ 30. Nxd4 Bxd4 31. a4 a6 32. h3 Bc3 33. b5 a5 34. Kd3 Be1 35. g4 Bg3 36. Ke3 Kb6 37. gxf5 gxf5 38. bxc6 bxc6 39. Bf3 Kc5 40. Bh5 Kb4 41. Bxf7 Kxa4 42. e6 Bh4 43. Be8 Kb4 44. Bxc6 Kxc4 45. Bd7 Be7 46. Ke2 Kd4 47. Kf3 Kd3 48. Bb5+ Kc3 49. Ke3 Kb4 50. Bd3 a4 51. Bxf5 a3 52. Bb1 Kb3 53. Be4 Kc4 54. Bb1 1/2-1/2

[Event "Zelenograd-ch"]
[Site "Zelenograd"]
[Date "2016.09.23"]
[Round "9"]
[White "Solovey, Vjacheslav"]
[Black "Puryasev, Anatoliy"]
[Result "0-1"]
[WhiteElo "1734"]
[BlackElo "1915"]
[PlyCount "98"]
[EventDate "2016.09.19"]
[EventType "swiss"]
[EventRounds "11"]
[EventCountry "RUS"]
[SourceTitle "EXT 2017"]
[Source "ChessBase"]
[SourceDate "2016.10.25"]
[SourceVersion "1"]
[SourceVersionDate "2016.10.25"]
[SourceQuality "1"]

1. c4 c6 2. d4 d5 3. e3 Bf5 4. Nc3 Nf6 5. Nf3 h6 6. cxd5 cxd5 7. Qb3 Qb6 8. Qxb6 axb6 9. Bb5+ Bd7 10. Bxd7+ Nbxd7 11. 0-0 e6 12. a3 Be7 13. Bd2 0-0 14. Rfc1 Rfc8 15. Nb5 Rc6 16. Kf1 Rac8 17. Ke2 Rxc1 18. Rxc1 Rxc1 19. Bxc1 Kf8 20. Ne1 Nb8 21. f3 Na6 22. Bd2 Nd7 23. Nd3 Ke8 24. Kd1 Kd8 25. f4 Nc7 26. Nxc7 Kxc7 27. Kc2 Bd6 28. Nf2 Kc6 29. g3 Kb5 30. Kb3 Kc6 31. Bc3 b5 32. Ba5 g6 33. Kc2 h5 34. Kd3 b6 35. Bc3 f5 36. Nh3 Be7 37. Be1 Nf6 38. Ng1 Ne4 39. Nf3 Bf6 40. Nd2 g5 41. Nxe4 dxe4+ 42. Kc3 gxf4 43. gxf4 Be7 44. Kb3 Bd6 45. Bh4 Bxf4 46. Bf2 Bd6 47. Kc3 Kd5 48. b4 e5 49. dxe5 Bxe5+ 0-1